header

The infernal return (Record no. 3214)

MARC details
000 -LEADER
fixed length control field 01248nam a2200301 a 4500
082 04 - DEWEY DECIMAL CLASSIFICATION NUMBER
Classification number 791.43/615
100 1# - MAIN ENTRY--AUTHOR NAME
Personal name Farnsworth, Rodney,
245 14 - TITLE STATEMENT
Title The infernal return
260 ## - PUBLICATION, DISTRIBUTION, ETC. (IMPRINT)
Place of publication Westport, Conn. :
Name of publisher Praeger,
Year of publication 2002.
300 ## - PHYSICAL DESCRIPTION
Number of Pages 166 p.
650 #0 - SUBJECT ADDED ENTRY--TOPICAL TERM
Topical Term Myth in motion pictures.
Topical Term Motion pictures
856 40 - ELECTRONIC LOCATION AND ACCESS
Uniform Resource Identifier http://site.ebrary.com/lib/rucke/Doc?id=10004879

No items available.

© 2026 Rongo University
Contact us: librarian | system librarian | Rongo university